| 000 | 00472 a2200169 4500 | ||
|---|---|---|---|
| 003 | OSt | ||
| 005 | 20231223150054.0 | ||
| 008 | 231223b |||||||| |||| 00| 0 eng d | ||
| 020 | _a9789350729045 | ||
| 040 | _coclc | ||
| 082 |
_a891.43 _bKOH/N |
||
| 100 |
_aKohli,Narendra _910178 |
||
| 245 |
_aNAAM CHARCHA / _cNarendra Kohli |
||
| 260 |
_aNew Delhi: _bVani Prakashan, _c2015. |
||
| 300 | _a152p | ||
| 942 |
_2ddc _cBK _h891.43 _iKOH/N _k891.43 _mKOH/N |
||
| 999 |
_c43557 _d43557 |
||